Dissolution du sujet et catastrophe écologique chez Lévi-Strauss (notice n° 1580217)

détails MARC
000 -LEADER
fixed length control field 01619cam a2200241 4500500
005 - DATE AND TIME OF LATEST TRANSACTION
control field 20251228050229.0
041 ## - LANGUAGE CODE
Language code of text/sound track or separate title fre
042 ## - AUTHENTICATION CODE
Authentication code dc
100 10 - MAIN ENTRY--PERSONAL NAME
Personal name Keck, Frédéric
Relator term author
245 00 - TITLE STATEMENT
Title Dissolution du sujet et catastrophe écologique chez Lévi-Strauss
260 ## - PUBLICATION, DISTRIBUTION, ETC.
Date of publication, distribution, etc. 2013.<br/>
500 ## - GENERAL NOTE
General note 74
520 ## - SUMMARY, ETC.
Summary, etc. Cet article présente une lecture des principaux textes de Claude Lévi-Strauss, de Tristes tropiques aux Mythologiques, en passant par La pensée sauvage. Il part du thème de la dissolution du sujet pour le relier à l’horizon de la catastrophe écologique qui en oriente le développement. La subjectivité est pensée à partir des restes de l’analyse structurale comme un témoignage de sociétés en voie de recomposition.
520 ## - SUMMARY, ETC.
Summary, etc. The Dissolution of the Subject and Ecological Catastrophe in Lévi-Strauss’s WorkThis article presents a reading of the major texts of Claude Lévi-Strauss, from Tristes Tropiques to Mythologics through The savage mind, linking the theme of the dissolution of the subject with the horizon of an ecological catastrophe that orients its development. Subjectivity is described with the remains of structural analysis as a testimony of societies in a process of recomposition.
690 ## - LOCAL SUBJECT ADDED ENTRY--TOPICAL TERM (OCLC, RLIN)
Topical term or geographic name as entry element analyse structurale
690 ## - LOCAL SUBJECT ADDED ENTRY--TOPICAL TERM (OCLC, RLIN)
Topical term or geographic name as entry element pensée sauvage
690 ## - LOCAL SUBJECT ADDED ENTRY--TOPICAL TERM (OCLC, RLIN)
Topical term or geographic name as entry element sujet
690 ## - LOCAL SUBJECT ADDED ENTRY--TOPICAL TERM (OCLC, RLIN)
Topical term or geographic name as entry element savage mind
690 ## - LOCAL SUBJECT ADDED ENTRY--TOPICAL TERM (OCLC, RLIN)
Topical term or geographic name as entry element structural analysis
690 ## - LOCAL SUBJECT ADDED ENTRY--TOPICAL TERM (OCLC, RLIN)
Topical term or geographic name as entry element subject
786 0# - DATA SOURCE ENTRY
Note Archives de philosophie | 76 | 3 | 2013-07-25 | p. 375-392 | 0003-9632
856 41 - ELECTRONIC LOCATION AND ACCESS
Uniform Resource Identifier <a href="https://shs.cairn.info/revue-archives-de-philosophie-2013-3-page-375?lang=fr&redirect-ssocas=7080">https://shs.cairn.info/revue-archives-de-philosophie-2013-3-page-375?lang=fr&redirect-ssocas=7080</a>

Pas d'exemplaire disponible.

PLUDOC

PLUDOC est la plateforme unique et centralisée de gestion des bibliothèques physiques et numériques de Guinée administré par le CEDUST. Elle est la plus grande base de données de ressources documentaires pour les Étudiants, Enseignants chercheurs et Chercheurs de Guinée.

Adresse

627 919 101/664 919 101

25 boulevard du commerce
Kaloum, Conakry, Guinée

Réseaux sociaux

Powered by Netsen Group @ 2025